[Event "Subcarpathian-chT"]
[Site "Bystre"]
[Date "2021.06.12"]
[Round "6.11"]
[White "Chmura, Kamil"]
[Black "Socha, Kamil"]
[Result "1/2-1/2"]
[WhiteElo "1231"]
[BlackElo "1765"]
[PlyCount "25"]
[EventDate "2021.06.09"]
[EventType "team-tourn"]
[EventRounds "9"]
[EventCountry "POL"]
[SourceTitle "EXT 2022"]
[Source "ChessBase"]
[SourceDate "2021.10.06"]
[SourceVersion "1"]
[SourceVersionDate "2021.10.06"]
[SourceQuality "1"]

1. e4 c5 2. c3 Nf6 3. e5 Nd5 4. d4 cxd4 5. cxd4 e6 6. Bc4 Nb6 7. Bb3 d6 8. Nf3 Be7 9. 0-0 0-0 10. Bf4 Nc6 11. Nc3 a6 12. Bc2 dxe5 13. Bxe5 1/2-1/2

[Event "Subcarpathian-chT"]
[Site "Bystre"]
[Date "2021.06.10"]
[Round "2.23"]
[White "Chmura, Kamil"]
[Black "Wasik, Roman"]
[Result "1-0"]
[WhiteElo "1231"]
[BlackElo "1500"]
[PlyCount "108"]
[EventDate "2021.06.09"]
[EventType "team-tourn"]
[EventRounds "9"]
[EventCountry "POL"]
[SourceTitle "EXT 2022"]
[Source "ChessBase"]
[SourceDate "2021.10.06"]
[SourceVersion "1"]
[SourceVersionDate "2021.10.06"]
[SourceQuality "1"]

1. e4 c5 2. c3 e6 3. d4 d5 4. e5 Nc6 5. Nf3 Qb6 6. Bd3 Nh6 7. Qb3 c4 8. Qxb6 axb6 9. Bxh6 gxh6 10. Bc2 b5 11. Nbd2 Bg7 12. 0-0 Bd7 13. b4 0-0 14. a3 f6 15. Rfe1 fxe5 16. Nxe5 Nxe5 17. dxe5 Rf4 18. g3 Rf7 19. f4 Kh8 20. Nf3 Bf8 21. Kg2 Be7 22. Rf1 Rg8 23. Nd4 Rfg7 24. a4 bxa4 25. Bxa4 Bc8 26. Bd1 Bd8 27. Ra8 Bb6 28. Nb5 Bd7 29. Rxg8+ Rxg8 30. Nd6 Bc6 31. Bf3 Ra8 32. b5 Bd7 33. Nxb7 Ra2+ 34. Kh3 Rf2 35. Rxf2 Bxf2 36. Nd6 d4 37. b6 dxc3 38. b7 Ba7 39. Be4 Ba4 40. Nxc4 c2 41. Bxc2 Bxc2 42. Nd6 Ba4 43. g4 Kg7 44. f5 Bd7 45. f6+ Kf8 46. Kh4 Bb8 47. Kh5 Be8+ 48. Kxh6 Bg6 49. h4 Bd3 50. h5 Kg8 51. g5 Bc7 52. f7+ Kf8 53. g6 hxg6 54. hxg6 Bxg6 1-0